000 00464nam a2200133 a 4500
001 000027041
005 20200930030550.0
008 110329s1981 dr 000 0 spa d
040 _aDO-SdBNP
_bspa
_cBNPHU
245 0 0 _aReglamento para las competencias internacionales masculinas y femeninas de atletismo /.
260 _aSanto Domingo :
_bFederación Dominicana de Atlatismo Aficionado
_bEditora Nival,
_c1981.
300 _a173 p. :
_bil. ;
_c18 cm.
049 _aBNPD
999 _c26533
_d26533